Dehn-Surgery an Knoten in der Dreidmensionalen Sphäre Dissertation

Saved in:
Bibliographic Details
Main Author: Krause, G.
Format: Book
Language:German
Published: Bochum Ruhr-Universität 1983
Tags: Add Tag
No Tags, Be the first to tag this record!

MARC

LEADER 00000nam a2200000 4500
001 c117134
005 20041019155206.6
041 0 |a ger 
044 |a DE 
245 1 0 |a Dehn-Surgery an Knoten in der Dreidmensionalen Sphäre  |b Dissertation  |c G. Krause 
264 1 |a Bochum  |b Ruhr-Universität  |c 1983 
300 |a 63 s. 
100 1 |a Krause, G.